00751cam a22002417a 4500003000500000005001700005008004100022010001000063011001000073035001000083040000900093082001400102100003200116245008400148260007500232300002200307490002600329650002800355650003900383700003000422700003100452830002600483CHAP20220329135255.0971013s1976 mx a r 00010 spa d a33628 a34600 a38716 cCHAP04a639.3bM400aMedina Gándora, José A.13aLa acuacultura en la planeación hidráulicac/por José A. Medina Gándora a[México, D.F.] :bComisión del Plan Nacional Hidráulico,c[1976] a91 p. :bgráfs. 0aDocumentaciónv; 1114aPisciculturaxMéxico.14aPolítica hidráulicaxMéxico.0 aSánchez Silva, Rubén.0 aVera Herrera, Francisco R. 0aDocumentaciónv; 11